Komentár k Odporúčaniam Európskej kardiologickej spoločnosti pre perkutánnu koronárnu intervenciu

Bibliographic Details
Main Authors: Studenčan, Martin, 1962- (Author), Fridrich, Viliam, 1953- (Author)
Format: Article
Language:Slovak

MARC

LEADER 00000nab a2200000ua 4500
001 vtls010761414
003 SK-MaSNL
005 20260304202129.0
008 250718s2006 xo |||||||||||||||||slo|
035 |a (urnnbn)urn:nbn:sk:snk:ar-a05ryc 
035 |a (uuid)c711937d-eb46-4177-838e-c5409cd511c3 
035 |a urn:nbn:sk:snk-ab4uwh 
040 |a SNKBUCL  |b slo  |c SNKBUCL  |e AACR2 
041 0 |a slo 
044 |a xo  |c SK 
100 1 |a Studenčan, Martin,  |d 1962-  |4 aut  |9 206421 
245 1 0 |a Komentár k Odporúčaniam Európskej kardiologickej spoločnosti pre perkutánnu koronárnu intervenciu  |c Martin Studenčan, Viliam Fridrich 
700 1 |a Fridrich, Viliam,  |d 1953-  |4 aut  |9 207556 
773 0 |t Kardiológia  |g Roč. 15, č. 3 (2006), s. 180-181 
850 |a Slovenská národná knižnica 
852 |a Slovenská národná knižnica 
958 |a article3 
958 |a OND 
999 |c 3100755  |d 3102685